[Event "1MCR_3DE_1L_1S"]
[Site "?"]
[Date "2005.??.??"]
[Round "1"]
[White "Svoboda, Frantisek"]
[Black "Lounek, Jan"]
[Result "1/2-1/2"]
[WhiteElo "2341"]
[BlackElo "2380"]
[PlyCount "74"]
[EventDate "2005.??.??"]
[EventType "corr"]
[SourceDate "2005.03.20"]

1. c4 e6 2. Nc3 d5 3. d4 c6 4. Nf3 dxc4 5. Bg5 Be7 6. Bxe7 Nxe7 7. a4 Nd5 8. a5
b5 9. axb6 Qxb6 10. Qd2 Nd7 11. e4 Nxc3 12. bxc3 a5 13. Bxc4 Ba6 14. Bd3 Bxd3
15. Qxd3 Qb5 16. Ke2 O-O 17. Rhb1 Qh5 18. e5 f6 19. Rb7 Rf7 20. Qc4 Nxe5 21.
Qxe6 Nxf3 22. gxf3 Qd5 23. Qxd5 cxd5 24. Rb5 a4 25. Rxd5 a3 26. Rb5 a2 27. Rb2
Rfa7 28. c4 Kf7 29. d5 Ke7 30. c5 Kd7 31. f4 Kc7 32. Kf3 Ra3+ 33. Kg2 R8a5 34.
Rc2 h5 35. h3 g6 36. h4 R3a4 37. f3 Ra3 1/2-1/2

[Event "1MCR_3DE_1L_1S"]
[Site "?"]
[Date "2005.??.??"]
[Round "1"]
[White "Vozda, Jindrich"]
[Black "Bares, Jiri"]
[Result "1-0"]
[WhiteElo "2494"]
[BlackElo "2174"]
[PlyCount "79"]
[EventDate "2005.??.??"]
[EventType "corr"]
[SourceDate "2005.03.20"]

1. e4 c5 2. Nf3 d6 3. d4 cxd4 4. Nxd4 Nf6 5. Nc3 a6 6. Bg5 e6 7. f4 b5 8. e5
dxe5 9. fxe5 Qc7 10. Qe2 Nfd7 11. O-O-O Bb7 12. Qg4 Qxe5 13. Be2 Bc5 14. Nf3 h5
15. Qh4 Be3+ 16. Kb1 Bxf3 17. Bxe3 Bxe2 18. Bd4 Qf5 19. Nxe2 e5 20. Be3 O-O 21.
h3 Rc8 22. Nc3 Nf6 23. g4 Qh7 24. g5 Ne8 25. Rhg1 Qg6 26. Nd5 Qxc2+ 27. Ka1 Nc6
28. Nf6+ gxf6 29. gxf6+ Kh8 30. Rdf1 Nd4 31. Bxd4 exd4 32. Qxh5+ Qh7 33. Qxh7+
Kxh7 34. Rf4 Rc1+ 35. Rxc1 Kg6 36. Rg1+ Kh5 37. Rg8 Nc7 38. Rxa8 Nxa8 39. Rxd4
Kg6 40. Rd7 1-0

[Event "1MCR_3DE_1L_1S"]
[Site "?"]
[Date "2005.??.??"]
[Round "1"]
[White "Pauschek, Roman"]
[Black "Lounek, Jan"]
[Result "1/2-1/2"]
[WhiteElo "2172"]
[BlackElo "2380"]
[PlyCount "91"]
[EventDate "2005.??.??"]
[EventType "corr"]
[SourceDate "2005.03.20"]

1. d4 Nf6 2. c4 e6 3. Nc3 Bb4 4. Qc2 O-O 5. a3 Bxc3+ 6. Qxc3 b6 7. Bg5 Bb7 8.
f3 h6 9. Bh4 d5 10. e3 Nbd7 11. cxd5 Nxd5 12. Bxd8 Nxc3 13. Bh4 Nd5 14. Bf2 c5
15. e4 Ne7 16. Ne2 Rfd8 17. O-O-O Rac8 18. Nc3 cxd4 19. Rxd4 Nc6 20. Rd1 Kf8
21. Kc2 a6 22. Be2 b5 23. Rd2 f5 24. exf5 exf5 25. Rhd1 Nf6 26. b4 Rxd2+ 27.
Rxd2 Kf7 28. Kb2 g5 29. Bc5 Rd8 30. Rxd8 Nxd8 31. a4 bxa4 32. Nxa4 Ne6 33. Bc4
Nd7 34. Bd6 Kf6 35. Nc5 Ndxc5 36. bxc5 a5 37. Bb5 Nd4 38. Bd7 Bc6 39. Bxc6 Nxc6
40. Kb3 Ke6 41. Bf8 h5 42. Ka4 Kd5 43. Bd6 g4 44. fxg4 fxg4 45. h3 gxh3 46.
gxh3 1/2-1/2

[Event "1MCR_3DE_1L_3S"]
[Site "?"]
[Date "2005.??.??"]
[Round "3"]
[White "Portych, Vaclav"]
[Black "Zednik, Martin"]
[Result "1-0"]
[WhiteElo "2024"]
[BlackElo "2077"]
[PlyCount "103"]
[EventDate "2005.??.??"]
[EventType "corr"]
[SourceDate "2005.03.20"]

1. c4 c5 2. Nc3 Nc6 3. g3 g6 4. Bg2 Bg7 5. Nf3 Nf6 6. O-O O-O 7. d4 d6 8. d5
Na5 9. Nd2 e5 10. a3 b6 11. b4 Nb7 12. Bb2 Ne8 13. e3 f5 14. f4 e4 15. Qc2 Nf6
16. Nb3 a6 17. b5 g5 18. bxa6 Rxa6 19. Nb5 gxf4 20. exf4 Bd7 21. a4 Rf7 22.
Rfe1 Ng4 23. Nd2 Bxb2 24. Qxb2 Rg7 25. Nf1 h5 26. Ra3 Qf6 27. Qxf6 Nxf6 28. Bh3
Ng4 29. Bxg4 hxg4 30. Ne3 Rf7 31. Nc3 Na5 32. Rb1 Rf8 33. Ra2 Kf7 34. Rab2 Rb8
35. Kg2 Rb7 36. Rh1 Rb8 37. h3 gxh3+ 38. Rxh3 Rg8 39. Rh7+ Rg7 40. Rh8 Rg8 41.
Rxg8 Kxg8 42. g4 fxg4 43. Kg3 Nb7 44. f5 Kg7 45. Kxg4 Nd8 46. Kf4 Nf7 47. Nxe4
Rxa4 48. f6+ Kf8 49. Rxb6 Rb4 50. Ra6 Ra4 51. Rxa4 Bxa4 52. Nf5 1-0

[Event "1MCR_3DE_1L_2S"]
[Site "?"]
[Date "2005.??.??"]
[Round "2"]
[White "Svajdler, Frantisek"]
[Black "Klimecky, Tomas"]
[Result "1-0"]
[WhiteElo "2168"]
[BlackElo "1800"]
[PlyCount "95"]
[EventDate "2005.??.??"]
[EventType "corr"]
[SourceDate "2005.03.20"]

1. e4 c6 2. d4 d5 3. Nc3 dxe4 4. Nxe4 Bf5 5. Ng3 Bg6 6. h4 h6 7. Nf3 Nd7 8. h5
Bh7 9. Bd3 Bxd3 10. Qxd3 e6 11. Bd2 Ngf6 12. O-O-O Be7 13. Ne4 Nxe4 14. Qxe4
Nf6 15. Qe2 Qd5 16. c4 Qe4 17. Qxe4 Nxe4 18. Be3 O-O 19. Ne5 Rfd8 20. g4 a5 21.
f3 Nd6 22. f4 Bf6 23. c5 Ne4 24. Nf3 Rd5 25. Rdg1 Be7 26. Kc2 Kh7 27. Rg2 Rad8
28. Rhg1 Nf6 29. Ne5 Kg8 30. g5 hxg5 31. Rxg5 Ne8 32. R5g3 f6 33. Ng6 Bf8 34.
f5 exf5 35. Nf4 Rxd4 36. Bxd4 Rxd4 37. Ne6 Re4 38. Nxf8 Kxf8 39. Rb3 Rc4+ 40.
Kd3 Rxc5 41. Rxb7 f4 42. Rh1 Nd6 43. Ra7 Nf5 44. Rh3 Rd5+ 45. Ke4 Ng3+ 46. Kxf4
Nxh5+ 47. Ke3 Re5+ 48. Kd4 1-0

[Event "1MCR_3DE_1L_1S"]
[Site "?"]
[Date "2005.??.??"]
[Round "1"]
[White "Hruby, Jaromil"]
[Black "Baciak, Miloslav"]
[Result "1-0"]
[WhiteElo "2053"]
[BlackElo "1895"]
[PlyCount "69"]
[EventDate "2005.??.??"]
[EventType "corr"]
[SourceDate "2005.03.20"]

1. e4 e5 2. Nf3 Nf6 3. d4 Nxe4 4. Bd3 d5 5. Nxe5 Nd7 6. Nxd7 Bxd7 7. O-O Qh4 8.
c4 O-O-O 9. Nc3 Nxc3 10. bxc3 dxc4 11. Bxc4 Bd6 12. g3 Qf6 13. Qb3 Bf5 14. Re1
Rd7 15. Ba3 h5 16. Bd5 c6 17. Bxd6 cxd5 18. Be5 Qa6 19. Bxg7 Rg8 20. Be5 f6 21.
Bf4 h4 22. Re3 hxg3 23. fxg3 Rh8 24. Rc1 Bd3 25. a3 Kd8 26. Qb4 Be4 27. c4 Qc6
28. Rec3 Rdh7 29. h4 Ke8 30. cxd5 Qxd5 31. Re3 f5 32. Rc5 Qd8 33. Rxf5 Re7 34.
Bg5 a5 35. Rxa5 1-0

[Event "1MCR_3DE_1L_1S"]
[Site "?"]
[Date "2005.??.??"]
[Round "1"]
[White "Pauschek, Roman"]
[Black "Hruby, Jaromil"]
[Result "0-1"]
[WhiteElo "2172"]
[BlackElo "2053"]
[PlyCount "60"]
[EventDate "2005.??.??"]
[EventType "corr"]
[SourceDate "2005.03.20"]

1. e4 e5 2. Nf3 Nc6 3. Bb5 a6 4. Ba4 Nf6 5. O-O Be7 6. Re1 b5 7. Bb3 O-O 8. c3
d5 9. exd5 Nxd5 10. Nxe5 Nxe5 11. Rxe5 c6 12. d3 Bd6 13. Re1 Qh4 14. g3 Qh3 15.
Re4 Qf5 16. Nd2 Qg6 17. Re1 Bg4 18. f3 Bh3 19. Ne4 Bc7 20. Qd2 h6 21. a4 f5 22.
Qf2 Rae8 23. Nc5 Rxe1+ 24. Qxe1 f4 25. Qe4 Qf7 26. axb5 Re8 27. bxc6 Rxe4 28.
dxe4 Kh8 29. Bxd5 Qf8 30. b4 Qf6 0-1

[Event "1MCR_3DE_1L_3S"]
[Site "?"]
[Date "2005.??.??"]
[Round "3"]
[White "Zednik, Martin"]
[Black "Bednarik, Radovan"]
[Result "1-0"]
[WhiteElo "2077"]
[BlackElo "2201"]
[PlyCount "121"]
[EventDate "2005.??.??"]
[EventType "corr"]
[SourceDate "2005.03.20"]

1. e4 d5 2. exd5 Nf6 3. d4 Nxd5 4. c4 Nb6 5. Nf3 g6 6. Nc3 Bg7 7. c5 Nd5 8. Bc4
e6 9. Bg5 f6 10. Bh4 Nc6 11. O-O Nce7 12. Qb3 O-O 13. Bg3 c6 14. Ne4 b5 15. Bd3
Nf5 16. Nd6 a5 17. a4 bxa4 18. Rxa4 Nxd6 19. Bxd6 Rf7 20. Qa3 Bh6 21. Bc4 Rb7
22. Ra1 Bd7 23. Ne1 Bf8 24. Bxf8 Qxf8 25. Nd3 Rba7 26. Qb3 Qh6 27. Qd1 Qg5 28.
Qf3 Qd2 29. R4a3 Qg5 30. Ra4 Qd2 31. h3 Kg7 32. Qg3 Re8 33. R4a3 Qc2 34. Bxd5
exd5 35. Rxa5 Rxa5 36. Rxa5 Re7 37. Ra7 Rf7 38. Kh2 Qb3 39. h4 Kg8 40. Ra3 Qb7
41. h5 Bf5 42. Nf4 Kg7 43. Rb3 Qd7 44. Rb6 g5 45. b4 Rf8 46. b5 cxb5 47. Kg1
Qa7 48. Ne2 Qf7 49. Qb3 b4 50. Rxb4 Bc8 51. Ng3 Kg8 52. Nf1 f5 53. Qg3 Qe7 54.
Qf3 Be6 55. Ne3 Qf7 56. c6 f4 57. Rb7 Qf6 58. Ng4 Qxd4 59. Qe2 Bxg4 60. Qxg4
Kh8 61. Rc7 1-0

[Event "1MCR_3DE_1L_1S"]
[Site "?"]
[Date "2005.??.??"]
[Round "1"]
[White "Hruby, Jaromil"]
[Black "Bares, Jiri"]
[Result "1/2-1/2"]
[WhiteElo "2053"]
[BlackElo "2174"]
[PlyCount "76"]
[EventDate "2005.??.??"]
[EventType "corr"]
[SourceDate "2005.03.20"]

1. e4 c5 2. Nf3 d6 3. d4 cxd4 4. Nxd4 Nf6 5. Nc3 a6 6. Be2 g6 7. f4 Bg7 8. Be3
O-O 9. O-O Qc7 10. Nd5 Nxd5 11. exd5 Nd7 12. c4 Nf6 13. f5 Bd7 14. fxg6 hxg6
15. Qd3 Rac8 16. Rac1 Rfe8 17. b3 e5 18. dxe6 Bxe6 19. Nxe6 Rxe6 20. Bf3 Rce8
21. Bf4 Qb6+ 22. Kh1 Bf8 23. Rcd1 Ne4 24. Bxe4 Rxe4 25. Bxd6 Bxd6 26. Qxd6 Qxd6
27. Rxd6 Re2 28. a4 Rf2 29. Rfd1 Ree2 30. Rg1 Re3 31. Rb6 Rb2 32. Rxb7 Rexb3
33. Rxb3 Rxb3 34. Rc1 Kf8 35. g4 Ke7 36. Kg2 g5 37. Re1+ Kf6 38. Rf1+ Ke6
1/2-1/2

[Event "1MCR_3DE_1L_2S"]
[Site "?"]
[Date "2005.??.??"]
[Round "2"]
[White "Hlavac, Frantisek"]
[Black "Klimecky, Tomas"]
[Result "1-0"]
[WhiteElo "2355"]
[BlackElo "1800"]
[PlyCount "75"]
[EventDate "2005.??.??"]
[EventType "corr"]
[SourceDate "2005.03.20"]

1. e4 c6 2. d4 d5 3. exd5 cxd5 4. c3 Nc6 5. Nf3 Nf6 6. Bf4 g6 7. Na3 Bg7 8. Bd3
O-O 9. h3 Nh5 10. Be3 Qd6 11. Qd2 a6 12. O-O b5 13. Rfe1 Re8 14. Nc2 Bf5 15.
Bxf5 gxf5 16. Qe2 Nf6 17. Ne5 Nxe5 18. Bf4 Ne4 19. Bxe5 Bxe5 20. dxe5 Qg6 21.
Nb4 e6 22. a4 Kh8 23. f3 Ng3 24. Qd2 Nh5 25. axb5 axb5 26. Rxa8 Rxa8 27. g4
fxg4 28. hxg4 Ng7 29. Nc6 h5 30. Kf2 Ra6 31. Ne7 Qh7 32. Rh1 Ra2 33. Qf4 Rxb2+
34. Ke3 Rb1 35. Rh2 Rd1 36. Qf6 Rd3+ 37. Kf4 d4 38. Rxh5 1-0

[Event "1MCR_3DE_1L_2S"]
[Site "?"]
[Date "2005.??.??"]
[Round "2"]
[White "Markytan, Vladislav"]
[Black "Cakl, Miloslav"]
[Result "1-0"]
[WhiteElo "2168"]
[BlackElo "1907"]
[PlyCount "95"]
[EventDate "2005.??.??"]
[EventType "corr"]
[SourceDate "2005.03.20"]

1. d4 Nf6 2. Nf3 e6 3. g3 b6 4. Bg2 Bb7 5. O-O Be7 6. c4 O-O 7. Re1 c5 8. d5
exd5 9. Nh4 d6 10. Nc3 Qc7 11. cxd5 Ng4 12. Nf5 Ne5 13. f4 Ng6 14. e4 Qd7 15.
Qh5 Na6 16. e5 Rae8 17. Be4 c4 18. Be3 dxe5 19. Nxe7+ Qxe7 20. f5 Nc5 21. Rad1
Nxe4 22. Nxe4 Rd8 23. fxg6 hxg6 24. Qh3 f6 25. Qg2 Rd7 26. Nc3 Rfd8 27. Re2 b5
28. a3 a6 29. Qf2 Rc8 30. Bb6 Qf7 31. Red2 f5 32. Ba5 Qf6 33. Qe3 Re8 34. a4 g5
35. axb5 axb5 36. Qc5 Qa6 37. Qxb5 Qxb5 38. Nxb5 Ra8 39. Bc3 e4 40. Na3 e3 41.
Rd4 e2 42. Re1 Rxd5 43. Rxd5 Bxd5 44. Rxe2 g6 45. Re7 Kf8 46. Rc7 Ke8 47. g4
Ra4 48. Nb5 1-0

[Event "1MCR_3DE_1L_1S"]
[Site "?"]
[Date "2005.??.??"]
[Round "1"]
[White "Hruby, Jaromil"]
[Black "Mezera, Lukas"]
[Result "1/2-1/2"]
[WhiteElo "2053"]
[BlackElo "2266"]
[PlyCount "64"]
[EventDate "2005.??.??"]
[EventType "corr"]
[SourceDate "2005.03.20"]

1. e4 e6 2. d4 d5 3. Nc3 Nf6 4. e5 Nfd7 5. f4 c5 6. Nf3 Nc6 7. Be3 a6 8. Qd2 b5
9. dxc5 Bxc5 10. Bd3 Qb6 11. Bxc5 Nxc5 12. Ne2 b4 13. Ned4 Nxd4 14. Nxd4 Nxd3+
15. Qxd3 Bd7 16. Qe3 O-O 17. O-O a5 18. Rf3 Rfc8 19. Rg3 Rab8 20. Rd1 Rc4 21.
Rd2 a4 22. Rd3 Rb7 23. Qd2 Rbc7 24. Qf2 Qa7 25. Qe3 Qc5 26. h3 Qe7 27. Qd2 Rc8
28. b3 axb3 29. axb3 R4c7 30. c3 bxc3 31. Rxc3 Qa3 32. Kh2 Qa1 1/2-1/2

[Event "1MCR_3DE_1L_2S"]
[Site "?"]
[Date "2005.??.??"]
[Round "2"]
[White "Pravec, Ladislav"]
[Black "Struzka, Vlastimil"]
[Result "1-0"]
[WhiteElo "2381"]
[BlackElo "2216"]
[PlyCount "143"]
[EventDate "2005.??.??"]
[EventType "corr"]
[SourceDate "2005.03.20"]

1. d4 d5 2. c4 e6 3. Nc3 Nf6 4. Nf3 Nbd7 5. cxd5 exd5 6. Bg5 h6 7. Bh4 c6 8. e3
Bd6 9. Bd3 O-O 10. Qc2 Re8 11. O-O Nf8 12. Bg3 Bxg3 13. hxg3 Bg4 14. Ne5 Be6
15. b4 Rc8 16. Rfb1 N8d7 17. Nf3 Qc7 18. a4 Qd6 19. Rb2 Qe7 20. a5 Qd6 21. Rc1
a6 22. Na4 Rb8 23. Nc5 Bg4 24. Nd2 Bh5 25. Bf5 Bg4 26. Bd3 Bh5 27. Nxd7 Qxd7
28. Nf3 Bxf3 29. gxf3 Re7 30. Kg2 Qd6 31. Rh1 Rbe8 32. g4 Rd7 33. Rh3 Qc7 34.
Rb1 Kf8 35. Bf5 Rd6 36. Rbh1 Ng8 37. Qc5 f6 38. Bb1 Kf7 39. f4 Ne7 40. Bd3 Rf8
41. Rg3 Ke8 42. Qc2 Kd8 43. Rc1 f5 44. gxf5 Rf7 45. Rg1 Rdf6 46. Kf1 Nc8 47. f3
Re7 48. Kf2 Nd6 49. Rg4 h5 50. Rg5 Kc8 51. Rxh5 Rf8 52. Qc5 Kb8 53. Rg6 Rd8 54.
Rh7 Qd7 55. e4 dxe4 56. fxe4 Nxe4+ 57. Bxe4 Rxe4 58. Rgxg7 Qxd4+ 59. Qxd4 Rexd4
60. Rxb7+ Ka8 61. Kf3 Rd3+ 62. Kg4 R3d6 63. Rbc7 Rg8+ 64. Rhg7 Rxg7+ 65. Rxg7
Kb8 66. Kg5 Rd5 67. Kg6 Rd4 68. f6 Rxf4 69. f7 Rf1 70. Rg8+ Kb7 71. f8=Q Rxf8
72. Rxf8 1-0

[Event "1MCR_3DE_1L_2S"]
[Site "?"]
[Date "2005.??.??"]
[Round "2"]
[White "Toman, Antonin"]
[Black "Pravec, Ladislav"]
[Result "1-0"]
[WhiteElo "2209"]
[BlackElo "2381"]
[PlyCount "145"]
[EventDate "2005.??.??"]
[EventType "corr"]
[SourceDate "2005.03.20"]

1. e4 c5 2. b3 Nf6 3. e5 Nd5 4. Nf3 e6 5. Bb2 Be7 6. c4 Nc7 7. d4 cxd4 8. Qxd4
Nc6 9. Qe4 f6 10. Nbd2 f5 11. Qe3 O-O 12. Be2 b6 13. O-O Bc5 14. Qf4 d5 15.
Rfd1 Bb7 16. a3 a5 17. Ne1 Qe7 18. Ndf3 Rfd8 19. Nd3 Ba6 20. Rdc1 a4 21. b4
dxc4 22. Rxc4 Nd5 23. Qc1 Bxc4 24. Qxc4 Ncxb4 25. Nxb4 Bxb4 26. axb4 Qxb4 27.
Ba3 Qxc4 28. Bxc4 Rac8 29. Ba6 Rc3 30. Kf1 Nc7 31. Be2 b5 32. Bb4 Nd5 33. Bxc3
Nxc3 34. Ng5 Re8 35. Rc1 b4 36. Bc4 h6 37. Nf3 Nd5 38. Bxd5 exd5 39. Nd2 Kf7
40. f4 Re7 41. Ke2 g5 42. g3 gxf4 43. gxf4 Rb7 44. Ra1 a3 45. Kd1 Ke6 46. Kc2
Rg7 47. Rb1 a2 48. Ra1 Rg4 49. Rxa2 Rxf4 50. Ra6+ Kxe5 51. Kd3 h5 52. Rh6 h4
53. h3 d4 54. Ke2 Kd5 55. Rb6 Kc5 56. Rb8 Kc6 57. Ke1 Kc5 58. Rb7 Kd5 59. Rxb4
Kd6 60. Rb8 Kc7 61. Ra8 Kd6 62. Ke2 Kd5 63. Rh8 Kd6 64. Nf3 Re4+ 65. Kf2 f4 66.
Rd8+ Kc5 67. Nxh4 Re3 68. Nf3 d3 69. h4 Re2+ 70. Kf1 Re3 71. Kg2 Kc4 72. h5 Kc3
73. Rd7 1-0

[Event "1MCR_3DE_1L_3S"]
[Site "?"]
[Date "2005.??.??"]
[Round "3"]
[White "Mikoska, Josef"]
[Black "Nepustil, Frantisek"]
[Result "0-1"]
[WhiteElo "2134"]
[BlackElo "2200"]
[PlyCount "80"]
[EventDate "2005.??.??"]
[EventType "corr"]
[SourceDate "2005.03.20"]

1. e4 g6 2. d4 Bg7 3. Nc3 d6 4. Nf3 Nf6 5. Be2 O-O 6. O-O e6 7. Qd3 Nc6 8. Bg5
h6 9. Bd2 e5 10. d5 Ne7 11. Rad1 Nd7 12. Ne1 f5 13. f3 f4 14. Na4 Nf6 15. c4
Bd7 16. Qa3 b6 17. b4 g5 18. c5 g4 19. Nc3 g3 20. h3 Bxh3 21. gxh3 Ng6 22. Bb5
Qc8 23. Bc1 Qxh3 24. Rd2 Rf7 25. Bc6 Raf8 26. cxb6 cxb6 27. Qa4 Nh4 28. Qc2 Ng4
29. Rg2 Nxg2 30. Qxg2 Qh2+ 31. Qxh2 Nxh2 32. Kg2 Nxf1 33. Kxf1 Bf6 34. Kg2 Rg7
35. Ne2 Rg5 36. Ng1 Rc8 37. b5 Kf7 38. Nd3 Ke7 39. Nh3 Rcg8 40. Nxg5 hxg5 0-1

[Event "1MCR_3DE_1L_1S"]
[Site "?"]
[Date "2005.??.??"]
[Round "1"]
[White "Svoboda, Frantisek"]
[Black "Bares, Jiri"]
[Result "1/2-1/2"]
[WhiteElo "2391"]
[BlackElo "2174"]
[PlyCount "80"]
[EventDate "2005.??.??"]
[EventType "corr"]
[SourceDate "2005.03.20"]

1. c4 e6 2. Nc3 d5 3. d4 Nf6 4. Nf3 c6 5. Bg5 h6 6. Bxf6 Qxf6 7. e3 Nd7 8. Bd3
dxc4 9. Bxc4 Bd6 10. O-O Qe7 11. Ne4 Bc7 12. Rc1 O-O 13. Qc2 Nb6 14. Bb3 e5 15.
Nxe5 Bxe5 16. dxe5 Qxe5 17. Nc5 Nd7 18. Nd3 Qe4 19. Qc3 Nf6 20. Rfe1 Re8 21. f3
Qe7 22. e4 Be6 23. Bxe6 Qxe6 24. Red1 Red8 25. a3 Nd7 26. Qb4 Rab8 27. Qc3 a6
28. Rd2 Ne5 29. Rcd1 Rxd3 30. Rxd3 Nxd3 31. Rxd3 Qe7 32. Qa5 b5 33. g3 Qa7+ 34.
Kg2 c5 35. Qd2 c4 36. Rd5 Qe7 37. Qd4 Rc8 38. Rd7 Qe8 39. Qd5 Rb8 40. Rd6 a5
1/2-1/2

[Event "1MCR_3DE_1L_2S"]
[Site "?"]
[Date "2005.??.??"]
[Round "2"]
[White "Cakl, Miloslav"]
[Black "Paukert, Martin"]
[Result "1/2-1/2"]
[WhiteElo "1907"]
[BlackElo "2074"]
[PlyCount "96"]
[EventDate "2005.??.??"]
[EventType "corr"]
[SourceDate "2005.03.20"]

1. e4 e6 2. d4 d5 3. Nc3 Nf6 4. Bg5 Be7 5. e5 Nfd7 6. h4 Bxg5 7. hxg5 Qxg5 8.
Nh3 Qe7 9. Qg4 g6 10. Nf4 Nc6 11. Nd3 h5 12. Qf4 a6 13. O-O-O b6 14. g4 Bb7 15.
gxh5 gxh5 16. Be2 h4 17. Rdg1 O-O-O 18. Rg4 Nf8 19. Qf3 Ng6 20. Qh3 Kb8 21. Nd1
Rdg8 22. Rhg1 Nd8 23. Qe3 h3 24. f3 h2 25. Rh1 f6 26. f4 fxe5 27. fxe5 Qh7 28.
Rg5 Ne7 29. Rh5 Qe4 30. R1xh2 Rxh5 31. Rxh5 Nf5 32. Qxe4 dxe4 33. Nf4 Nxd4 34.
Kd2 N8c6 35. c3 Nf5 36. Nxe6 Ng3 37. Rg5 Rxg5 38. Nxg5 Nxe5 39. Ke3 Ng6 40. Bg4
Nf1+ 41. Ke2 Ne5 42. Kxf1 Nxg4 43. Nf2 Nf6 44. Ke2 c5 45. c4 Kc7 46. Ke3 b5 47.
Nfxe4 Nxe4 48. Nxe4 Kc6 1/2-1/2

[Event "1MCR_3DE_1L_2S"]
[Site "?"]
[Date "2005.??.??"]
[Round "2"]
[White "Janous, Petr"]
[Black "Markytan, Vladislav"]
[Result "1/2-1/2"]
[WhiteElo "2270"]
[BlackElo "2168"]
[PlyCount "81"]
[EventDate "2005.??.??"]
[EventType "corr"]
[SourceDate "2005.03.20"]

1. e4 e6 2. d4 d5 3. Nc3 Nf6 4. e5 Nfd7 5. f4 c5 6. Nf3 Nc6 7. Be3 a6 8. Qd2 b5
9. Be2 Qb6 10. Nd1 b4 11. O-O a5 12. c3 Be7 13. f5 Ba6 14. Bxa6 Qxa6 15. fxe6
fxe6 16. Ng5 Bxg5 17. Bxg5 a4 18. Ne3 h6 19. Nxd5 exd5 20. e6 Nf6 21. Bxf6 gxf6
22. Rxf6 a3 23. b3 cxd4 24. cxd4 Qb6 25. Rd1 Ne7 26. Rc1 Rc8 27. Rcf1 Nc6 28.
Rxh6 Rg8 29. Rc1 Qb8 30. Rf6 Ne7 31. Rcf1 Qd6 32. Qe2 Kd8 33. Qb5 Rc2 34. Qa5+
Kc8 35. Qa8+ Kc7 36. Qa7+ Kc6 37. R6f2 Rc3 38. Re1 Rb8 39. Rf3 Rc2 40. Rf2 Rc3
41. Rf3 1/2-1/2

[Event "1MCR_3DE_1L_1S"]
[Site "?"]
[Date "2005.??.??"]
[Round "1"]
[White "Vozda, Jindrich"]
[Black "Hruby, Jaromil"]
[Result "1/2-1/2"]
[WhiteElo "2494"]
[BlackElo "2053"]
[PlyCount "87"]
[EventDate "2005.??.??"]
[EventType "corr"]
[SourceDate "2005.03.20"]

1. e4 e5 2. Nf3 Nc6 3. Bb5 a6 4. Ba4 Nf6 5. O-O Be7 6. Re1 b5 7. Bb3 O-O 8. h3
Bb7 9. d3 Re8 10. a3 d5 11. exd5 Nxd5 12. Nbd2 Bf8 13. Ne4 Nd4 14. Nxd4 exd4
15. Bd2 Qd7 16. Qh5 c5 17. a4 Rec8 18. c4 dxc3 19. bxc3 c4 20. dxc4 bxc4 21.
Bc2 h6 22. Rad1 Rc6 23. Ng3 Rd6 24. Qh4 Nf6 25. Nf1 Qc6 26. f3 Rad8 27. Be3
Rxd1 28. Rxd1 Rxd1 29. Bxd1 Nd5 30. Bd4 Be7 31. Qg3 Bf6 32. Bxf6 Nxf6 33. Qe5
Qb6+ 34. Kh2 Nd7 35. Qe8+ Nf8 36. Qb8 Qc6 37. Ne3 Qc5 38. Nxc4 Bxf3 39. Bxf3
Qxc4 40. Qb4 Qc7+ 41. g3 a5 42. Qd4 Ne6 43. Qd3 Kf8 44. c4 1/2-1/2

[Event "1MCR_3DE_1L_2S"]
[Site "?"]
[Date "2005.??.??"]
[Round "2"]
[White "Svajdler, Frantisek"]
[Black "Pravec, Ladislav"]
[Result "1-0"]
[WhiteElo "2168"]
[BlackElo "2381"]
[PlyCount "105"]
[EventDate "2005.??.??"]
[EventType "corr"]
[SourceDate "2005.03.20"]

1. d4 Nf6 2. c4 g6 3. Nc3 Bg7 4. e4 d6 5. Nf3 O-O 6. Be2 Nbd7 7. O-O c6 8. Qc2
e5 9. d5 cxd5 10. cxd5 a6 11. a4 Nh5 12. g3 Nhf6 13. a5 b6 14. axb6 Nxb6 15.
Be3 Ng4 16. Bd2 Kh8 17. Ng5 h6 18. Nf3 Kh7 19. Nh4 Nf6 20. Rfc1 Qc7 21. b4 Qb8
22. Ra5 Nbd7 23. Qa2 Bb7 24. Ra1 Rc8 25. f3 Ne8 26. Ng2 Nc7 27. Ne3 Nb6 28. Qb1
Bf6 29. Qf1 Ne8 30. Bxa6 Bxa6 31. Rxa6 Bg5 32. Ncd1 Rxa6 33. Rxa6 Nc7 34. Ra2
Ne8 35. Qd3 Nf6 36. h4 Bxe3+ 37. Nxe3 Kg7 38. Kg2 Rc7 39. Rc2 Ra7 40. Rc6 Ng8
41. h5 Ne7 42. hxg6 fxg6 43. Rc2 Ng8 44. b5 Nd7 45. Nc4 Qxb5 46. Nxe5 Qxd3 47.
Nxd3 Ngf6 48. Bb4 Ne8 49. Rc6 Ra2+ 50. Kh3 g5 51. Bxd6 Nxd6 52. Rxd6 Nf6 53. e5
1-0

[Event "1MCR_3DE_1L_1S"]
[Site "?"]
[Date "2005.??.??"]
[Round "1"]
[White "Necesany, Zdenek"]
[Black "Svoboda, Frantisek"]
[Result "1/2-1/2"]
[WhiteElo "2215"]
[BlackElo "2391"]
[PlyCount "98"]
[EventDate "2005.??.??"]
[EventType "corr"]
[SourceDate "2005.03.20"]

1. e4 e6 2. d4 d5 3. Nd2 Nf6 4. e5 Nfd7 5. Bd3 c5 6. c3 Nc6 7. Ne2 cxd4 8. cxd4
f6 9. exf6 Nxf6 10. Nf3 Bd6 11. O-O O-O 12. Bf4 Bxf4 13. Nxf4 Ne4 14. g3 Qf6
15. h4 h6 16. Bxe4 dxe4 17. Ne5 Rd8 18. Nxc6 bxc6 19. Qa4 Rb8 20. b3 Rxd4 21.
Qxa7 Rb7 22. Qa8 Rd8 23. Rad1 Rbd7 24. Rxd7 Bxd7 25. Qa6 e5 26. Ng2 Qf3 27. Rc1
Be6 28. Qa5 Rd5 29. Qe1 Rd3 30. Ne3 Bd5 31. b4 Bxa2 32. Rxc6 Bf7 33. Rc3 Be6
34. b5 Bh3 35. Rxd3 exd3 36. Qb1 Qe4 37. Qa2+ Kf8 38. Qa5 Ke8 39. b6 Bc8 40.
Qb5+ Kf7 41. Qb3+ Ke7 42. Qc4 Bb7 43. Qxe4 Bxe4 44. Nc4 Bf3 45. Kf1 Kd8 46. Ke1
e4 47. Nd2 Bg2 48. Nb3 Kc8 49. Nc5 Bf3 1/2-1/2

[Event "1MCR_3DE_1L_2S"]
[Site "?"]
[Date "2005.??.??"]
[Round "2"]
[White "Pytlik, Lesek"]
[Black "Cakl, Miloslav"]
[Result "1/2-1/2"]
[WhiteElo "2367"]
[BlackElo "1907"]
[PlyCount "100"]
[EventDate "2005.??.??"]
[EventType "corr"]
[SourceDate "2005.03.20"]

1. e4 c5 2. Nf3 d6 3. d4 cxd4 4. Nxd4 Nf6 5. Nc3 a6 6. Bg5 e6 7. f4 Be7 8. Qf3
Qc7 9. O-O-O h6 10. Bh4 Nbd7 11. Qg3 O-O 12. Be2 Nc5 13. Bf3 e5 14. fxe5 dxe5
15. Bxf6 Bxf6 16. Kb1 Be6 17. Nf5 Rfc8 18. Nd5 Bxd5 19. Rxd5 Ne6 20. c3 Kh7 21.
Qf2 Nf4 22. Rdd1 Rd8 23. g3 Nd3 24. Qe2 Nc5 25. Ne3 Rxd1+ 26. Rxd1 Rd8 27. Nd5
Qc6 28. Bg2 Rd6 29. Rf1 Qd7 30. Qf2 Qb5 31. h4 Kg8 32. Rd1 Bd8 33. b3 b6 34. g4
a5 35. Bf3 Qe8 36. c4 f6 37. Qd2 Kh8 38. Qc3 Re6 39. g5 fxg5 40. hxg5 Bxg5 41.
Nc7 Qf7 42. Nxe6 Nxe6 43. Rf1 Qf4 44. Qd3 Qe3 45. Kc2 Qxd3+ 46. Kxd3 Kh7 47.
Rd1 Be7 48. Ke2 Nf4+ 49. Kf2 h5 50. Rd7 Bc5+ 1/2-1/2

[Event "1MCR_3DE_1L_2S"]
[Site "?"]
[Date "2005.??.??"]
[Round "2"]
[White "Janous, Petr"]
[Black "Soucha, Stepan"]
[Result "1/2-1/2"]
[WhiteElo "2270"]
[BlackElo "2335"]
[PlyCount "81"]
[EventDate "2005.??.??"]
[EventType "corr"]
[SourceDate "2005.03.20"]

1. e4 e5 2. Nf3 Nc6 3. Bb5 a6 4. Ba4 Nf6 5. O-O Be7 6. Re1 b5 7. Bb3 d6 8. c3
O-O 9. h3 Na5 10. Bc2 c5 11. d4 Nd7 12. Nbd2 exd4 13. cxd4 Nc6 14. Nf1 cxd4 15.
Nxd4 Nxd4 16. Qxd4 Ne5 17. Qd1 Bf6 18. Ne3 Be6 19. Nd5 Bxd5 20. exd5 g6 21. a4
Bg7 22. axb5 axb5 23. Rxa8 Qxa8 24. b3 Qb7 25. Bf4 Ra8 26. h4 h5 27. Be4 Ng4
28. Bf3 Bc3 29. Bd2 Ra1 30. Qe2 Rxe1+ 31. Qxe1 Bxd2 32. Qxd2 Ne5 33. Be2 b4 34.
Qd4 Nd7 35. g4 hxg4 36. Qxg4 Nf6 37. Qd4 Nxd5 38. Bc4 Nb6 39. Be2 Nd7 40. Qxd6
Qe4 41. Qxd7 1/2-1/2

[Event "1MCR_3DE_1L_2S"]
[Site "?"]
[Date "2005.??.??"]
[Round "2"]
[White "Klimecky, Tomas"]
[Black "Markytan, Vladislav"]
[Result "0-1"]
[WhiteElo "1800"]
[BlackElo "2168"]
[PlyCount "74"]
[EventDate "2005.??.??"]
[EventType "corr"]
[SourceDate "2005.03.20"]

1. e4 e6 2. d4 d5 3. Nd2 Nf6 4. e5 Nfd7 5. Bd3 c5 6. c3 Nc6 7. Ngf3 f6 8. exf6
Nxf6 9. O-O cxd4 10. Nxd4 e5 11. Re1 Bd6 12. Qa4 Bd7 13. Nf5 Bc5 14. Nb3 Bxf2+
15. Kxf2 O-O 16. Kg1 e4 17. Nh6+ gxh6 18. Be2 Qb6+ 19. Kh1 h5 20. Bh6 Rf7 21.
Rf1 Rc8 22. Rae1 Ng4 23. Rxf7 Kxf7 24. Rf1+ Kg6 25. Qa3 Nb4 26. Bxg4 hxg4 27.
Be3 Qxe3 28. Qxb4 Qb6 29. Qe7 Qe6 30. Qh4 e3 31. Nd4 Qd6 32. Qe1 Re8 33. Kg1 a6
34. a3 Qe7 35. Qe2 Qe5 36. Qc2+ Kg7 37. Qe2 Qe4 0-1